000 00779nas a2200265 4500
001 BR0405419
003 BR-BrBNA
005 20231205104952.0
007 ta
008 230509b bl.|||p| |||| 00| 00por d
040 _aBR-BrBNA
_bpor
_cBiblioteca Nacional de Agricultura
041 _a(Pt)
072 _aF70; F02; E70
100 1 _aPinto, A.C.R.
100 1 _aGraziano, T.T.
245 1 _aPotencial ornamental de Curcuma
650 _aCURCUMA
650 _aPLANTA ORNAMENTAL
650 _aBOTÂNICA
650 _aPROPAGAÇÃO VEGETATIVA
650 _aCOMERCIALIZAÇÃO
773 0 _tRevista Brasileira de Horticultura Ornamental (Brazil)
_xISSN 1414-039X
_g(2003), v. 9(2) p. 99-109
_wBR0405419
909 _a202311
_bLúcia
_c55
_dLúcia Elande
942 _2AGRIS
_n0
_cANA
999 _c180548
_d180548